<?xml version="1.0" encoding="UTF-8"?><?xml-stylesheet type="text/xsl" href="static/style.xsl"?><OAI-PMH xmlns="http://www.openarchives.org/OAI/2.0/" xmlns:xsi="http://www.w3.org/2001/XMLSchema-instance" xsi:schemaLocation="http://www.openarchives.org/OAI/2.0/ http://www.openarchives.org/OAI/2.0/OAI-PMH.xsd"><responseDate>2026-06-01T08:43:38Z</responseDate><request verb="GetRecord" identifier="oai:riuma.uma.es:10630/37538" metadataPrefix="marc">https://riuma.uma.es/rest/oai/request</request><GetRecord><record><header><identifier>oai:riuma.uma.es:10630/37538</identifier><datestamp>2026-02-03T11:27:23Z</datestamp><setSpec>com_10630_2254</setSpec><setSpec>col_10630_37953</setSpec></header><metadata><record xmlns="http://www.loc.gov/MARC21/slim" xmlns:dcterms="http://purl.org/dc/terms/" xmlns:doc="http://www.lyncode.com/xoai" xmlns:xsi="http://www.w3.org/2001/XMLSchema-instance" xsi:schemaLocation="http://www.loc.gov/MARC21/slim http://www.loc.gov/standards/marcxml/schema/MARC21slim.xsd">
   <leader>00925njm 22002777a 4500</leader>
   <datafield ind2=" " ind1=" " tag="042">
      <subfield code="a">dc</subfield>
   </datafield>
   <datafield ind2=" " ind1=" " tag="720">
      <subfield code="a">Luo Chen, Hao Qiang</subfield>
      <subfield code="e">author</subfield>
   </datafield>
   <datafield ind2=" " ind1=" " tag="720">
      <subfield code="a">Khatib, Emil Jatib</subfield>
      <subfield code="e">author</subfield>
   </datafield>
   <datafield ind2=" " ind1=" " tag="720">
      <subfield code="a">Sethi, Deepak</subfield>
      <subfield code="e">author</subfield>
   </datafield>
   <datafield ind2=" " ind1=" " tag="720">
      <subfield code="a">Cruz, Eduardo</subfield>
      <subfield code="e">author</subfield>
   </datafield>
   <datafield ind2=" " ind1=" " tag="720">
      <subfield code="a">Arostegui, Asier</subfield>
      <subfield code="e">author</subfield>
   </datafield>
   <datafield ind2=" " ind1=" " tag="720">
      <subfield code="a">Martín, Raúl</subfield>
      <subfield code="e">author</subfield>
   </datafield>
   <datafield ind2=" " ind1=" " tag="720">
      <subfield code="a">Barco-Moreno, Raquel</subfield>
      <subfield code="e">author</subfield>
   </datafield>
   <datafield ind2=" " ind1=" " tag="260">
      <subfield code="c">2024-08</subfield>
   </datafield>
   <datafield ind2=" " ind1=" " tag="520">
      <subfield code="a">In the last few years, location-aware services and network management have driven the demand for user location estimation in mobile networks. Nevertheless, the location obtained from user terminals is not usually accessible to mobile operators. In addition, available cell Key Performance Indicators (KPI) vary highly from network to network, and only a few of them are always enabled widely. Currently prevalent Machine Learning (ML) based solutions have achieved high precision, but they are bound to a trained scenario, restricting their application to new areas. We propose a method for creating scenario-agnostic prediction models which solves these problems through applying feature engineering, over a small set of easily obtainable KPIs, applicable for any ML method. Finally, the performance of the proposed method is demonstrated using real network datasets.</subfield>
   </datafield>
   <datafield ind1="8" ind2=" " tag="024">
      <subfield code="a">H. Q. Luo-Chen et al., "Scenario-Agnostic Localization System for Cellular Network Based on Feature Engineering," in IEEE Open Journal of the Communications Society, vol. 5, pp. 4999-5012, 2024, doi: 10.1109/OJCOMS.2024.3440186.</subfield>
   </datafield>
   <datafield ind1="8" ind2=" " tag="024">
      <subfield code="a">https://hdl.handle.net/10630/37538</subfield>
   </datafield>
   <datafield ind1="8" ind2=" " tag="024">
      <subfield code="a">10.1109/OJCOMS.2024.3440186</subfield>
   </datafield>
   <datafield tag="653" ind2=" " ind1=" ">
      <subfield code="a">Sistemas de comunicaciones móviles</subfield>
   </datafield>
   <datafield ind2="0" ind1="0" tag="245">
      <subfield code="a">Scenario-Agnostic Localization System for Cellular Network Based on Feature Engineering</subfield>
   </datafield>
</record>
</metadata></record></GetRecord></OAI-PMH>